000 00476nam a2200181Ia 4500
003 GCL
008 140319s9999 xx 000 0 ara d
040 _aGCL /
_cGCL
082 0 4 _a808.381
_bح ج
100 1 _aحلمى مراد
245 1 0 _aالجريمة لا تفيد /
_cحلمى مراد
300 _a247 ص
490 _aكتابى
_v0
650 0 4 _aالقصص التاريخية
650 0 4 _aالقصص
650 0 4 _aالقصص الادبية
942 _2ddc
_cBK
999 _c46515
_d46515